000 00287nam a22001337a 4500
008 170424b xxu||||| |||| 00| 0 eng d
020 _a9780072424584
041 _aeng
080 _a547
100 _a12
101 _aSHM
245 _aORGANIC SHEMISTRY
_cCAREY.F.A
942 _2udc
_cBK
999 _c11663
_d11663